The Inquisitor's tale, or, the three magical ... Read More
Available copies
- 1 of 1 copy available at LARL/NWRL Consortium.
- 1 of 1 copy available at Northwest Regional Library. (Show preferred library)
Current holds
0 current holds with 1 total copy.
View other formats and editions
Show Only Available Copies
| Location | Call Number / Copy Notes | Barcode | Shelving Location | Status | Due Date |
|---|---|---|---|---|---|
| Thief River Falls Public Library | BOOK-ON-CD j GID (Text) | 35500005538499 | Main | Available | - |
Record details
- ISBN: 9780735287365
- ISBN: 0735287368
- Physical Description: 8 sound discs (10 hr.) : digital ; 4 3/4 in.
- Edition: Unabridged.
- Publisher: [New York] : Listening Library, [2016]
Content descriptions
| General Note: | Title from web page. Compact discs. |
| Creation/Production Credits Note: | Features medieval music performed by Benjamin ... Read More |
| Participant or Performer Note: | Read by the author and a full cast. |
| Summary, etc.: | 1242. On a dark night, travelers from across ... Read More |
Search for related items by subject
| Genre: | Fantasy fiction. Action and adventure fiction. Children's audiobooks. Action and adventure fiction. Children's audiobooks. Fantasy fiction. Fiction. Juvenile works. |
| LDR | 02796cim a2200709Ka 4500 | ||
|---|---|---|---|
| 001 | 218032 | ||
| 003 | LARL_NWRL_CONSORTIUM | ||
| 005 | 20161004140214.0 | ||
| 007 | sd fungnnmmneu | ||
| 008 | 160106s2016 nyunnnnj f n eng d | ||
| 020 | . | ‡a9780735287365 | |
| 020 | . | ‡a0735287368 | |
| 024 | 3 | . | ‡a9780735287365 |
| 028 | 0 | 2. | ‡aYA2615 ‡bListening Library |
| 035 | . | ‡a(OCoLC)934501995 | |
| 043 | . | ‡ae-fr--- | |
| 082 | 0 | 4. | ‡a[Fic] ‡223 |
| 049 | . | ‡aNRGA | |
| 100 | 1 | . | ‡aGidwitz, Adam. ‡0(LARL_NWRL_CONSORTIUM)221107 |
| 245 | 1 | 4. | ‡aThe Inquisitor's tale, or, the three magical children and their holy dog / ‡cAdam Gidwitz. |
| 246 | 3 | 0. | ‡aInquisitor's tale |
| 246 | 3 | 0. | ‡aThree magical children and their holy dog |
| 250 | . | ‡aUnabridged. | |
| 260 | . | ‡a[New York] : ‡bListening Library, ‡c[2016] | |
| 300 | . | ‡a8 sound discs (10 hr.) : ‡bdigital ; ‡c4 3/4 in. | |
| 306 | . | ‡a100000 | |
| 500 | . | ‡aTitle from web page. | |
| 511 | 0 | . | ‡aRead by the author and a full cast. |
| 508 | . | ‡aFeatures medieval music performed by Benjamin Bagby of Sequentia. | |
| 500 | . | ‡aCompact discs. | |
| 520 | . | ‡a1242. On a dark night, travelers from across France cross paths at an inn and begin to tell stories of three children: William, an oblate on a mission from his monastery; Jacob, a Jewish boy who has fled his burning village; and Jeanne, a peasant girl who hides her prophetic visions. | |
| 650 | 0. | ‡aChildren ‡vJuvenile fiction. | |
| 650 | 0. | ‡aQuests (Expeditions) ‡vJuvenile fiction. | |
| 650 | 0. | ‡aDogs ‡vJuvenile fiction. ‡0(LARL_NWRL_CONSORTIUM)164650 | |
| 650 | 0. | ‡aCourage ‡vJuvenile fiction. ‡0(LARL_NWRL_CONSORTIUM)171693 | |
| 651 | 0. | ‡aFrance ‡vJuvenile fiction. | |
| 650 | 0. | ‡aFairy tales. ‡0(LARL_NWRL_CONSORTIUM)19913 | |
| 650 | 1. | ‡aChildren ‡vFiction. ‡0(LARL_NWRL_CONSORTIUM)16357 | |
| 650 | 1. | ‡aDogs ‡vFiction. ‡0(LARL_NWRL_CONSORTIUM)164539 | |
| 650 | 1. | ‡aMagic ‡vFiction. ‡0(LARL_NWRL_CONSORTIUM)165984 | |
| 650 | 1. | ‡aAdventure and adventurers ‡vFiction. ‡0(LARL_NWRL_CONSORTIUM)175858 | |
| 651 | 1. | ‡aFrance ‡vFiction. ‡0(LARL_NWRL_CONSORTIUM)164962 | |
| 650 | 7. | ‡2fast ‡aChildren ‡0(LARL_NWRL_CONSORTIUM)16342 | |
| 650 | 7. | ‡aCourage. ‡2fast ‡0(LARL_NWRL_CONSORTIUM)17908 | |
| 650 | 7. | ‡aDogs. ‡2fast ‡0(LARL_NWRL_CONSORTIUM)178047 | |
| 650 | 7. | ‡aFairy tales. ‡2fast ‡0(LARL_NWRL_CONSORTIUM)19913 | |
| 650 | 7. | ‡2fast ‡aQuests (Expeditions) ‡0(LARL_NWRL_CONSORTIUM)40943 | |
| 651 | 7. | ‡aFrance. ‡2fast ‡0(LARL_NWRL_CONSORTIUM)178254 | |
| 655 | 7. | ‡aFantasy fiction. ‡2lcgft | |
| 655 | 7. | ‡aAction and adventure fiction. ‡2lcgft | |
| 655 | 7. | ‡aChildren's audiobooks. ‡2lcgft ‡0(LARL_NWRL_CONSORTIUM)175844 | |
| 655 | 7. | ‡aAction and adventure fiction. ‡2fast | |
| 655 | 7. | ‡aChildren's audiobooks. ‡2fast ‡0(LARL_NWRL_CONSORTIUM)175844 | |
| 655 | 7. | ‡aFantasy fiction. ‡2fast | |
| 655 | 7. | ‡aFiction. ‡2fast | |
| 655 | 7. | ‡aJuvenile works. ‡2fast | |
| 905 | . | ‡ubacont | |
| 901 | . | ‡a218032 ‡b ‡c218032 ‡tbiblio ‡soclc | |

Add to basket
Permalink
Disable Highlighting